| 000 | 00637nam a2200241Ia 4500 | ||
|---|---|---|---|
| 003 | OSt | ||
| 005 | 20220927112009.0 | ||
| 006 | a|||||r|||| 00| 0 | ||
| 007 | ta | ||
| 008 | 220926b |||||||| |||| 00| 0 eng d | ||
| 024 | _a83971 | ||
| 037 | _cReports | ||
| 040 |
_aRTL _cRTL _beng |
||
| 041 |
_2eng _aeng |
||
| 082 | _a"X9(D2).271r, GD" | ||
| 110 |
_a"Madhya Pradesh, Irrigation (Deppt.-)" _9383046 |
||
| 245 | 0 | _aReprot 1949-1952 | |
| 300 |
_a148p. _ccm. |
||
| 650 | _aEngineering | ||
| 700 |
_a"Madhya Pradesh, Irrigation (Deppt.-)" _9383047 |
||
| 942 |
_h"X9(D2).271r, GD" _cCC |
||
| 999 |
_c699755 _d699755 |
||